[Event "Hastings Masters"]
[Site "Horntye, Hastings"]
[Date "2017.12.28"]
[Round "1.27"]
[White "Sugden, John N"]
[Black "Lochte, Szilvia"]
[Result "1-0"]
[BlackElo "1850"]
[WhiteElo "2059"]
[EventDate "2017.12.28"]

1. e4 {[%clk 1:40:49]} c5 {[%clk 1:40:45]} 2. Nc3 {[%clk 1:40:58]} Nc6
{[%clk 1:40:57]} 3. g3 {[%clk 1:41:10]} g6 {[%clk 1:40:23]} 4. Bg2
{[%clk 1:41:25]} Bg7 {[%clk 1:40:33]} 5. d3 {[%clk 1:41:39]} d6 {[%clk 1:40:35]}
6. f4 {[%clk 1:41:48]} e5 {[%clk 1:39:52]} 7. Nh3 {[%clk 1:40:33]} Nge7
{[%clk 1:37:47]} 8. O-O {[%clk 1:36:37]} h6 {[%clk 1:25:57]} 9. Be3
{[%clk 1:29:06]} Nd4 {[%clk 1:15:31]} 10. fxe5 {[%clk 1:17:11]} dxe5
{[%clk 1:10:20]} 11. Nf2 {[%clk 1:08:11]} Be6 {[%clk 1:03:36]} 12. Qd2
{[%clk 1:01:50]} Qd7 {[%clk 1:00:49]} 13. Ncd1 {[%clk 0:53:16]} b6
{[%clk 0:54:29]} 14. c3 {[%clk 0:52:46]} Ndc6 {[%clk 0:54:00]} 15. b3
{[%clk 0:51:24]} Rd8 {[%clk 0:51:35]} 16. Nb2 {[%clk 0:50:29]} h5
{[%clk 0:44:06]} 17. Qe2 {[%clk 0:45:50]} h4 {[%clk 0:30:57]} 18. g4
{[%clk 0:44:15]} h3 {[%clk 0:25:57]} 19. Bxh3 {[%clk 0:36:57]} Rxh3
{[%clk 0:11:09]} 20. Nxh3 {[%clk 0:36:39]} Bxg4 {[%clk 0:11:33]} 21. Qf2
{[%clk 0:36:16]} f6 {[%clk 0:11:17]} 22. Ng5 {[%clk 0:35:26]} Nc8
{[%clk 0:09:43]} 23. Nf3 {[%clk 0:31:07]} Ke7 {[%clk 0:09:44]} 24. Kh1
{[%clk 0:27:26]} Rh8 {[%clk 0:07:53]} 25. Rg1 {[%clk 0:25:51]} g5
{[%clk 0:06:06]} 26. Rg3 {[%clk 0:16:35]} Nd6 {[%clk 0:05:24]} 27. Rag1
{[%clk 0:13:06]} Be6 {[%clk 0:04:49]} 28. Ne1 {[%clk 0:12:06]} Nf7
{[%clk 0:03:33]} 29. Nc2 {[%clk 0:11:17]} Nh6 {[%clk 0:02:54]} 30. Qe2
{[%clk 0:11:06]} Nf7 {[%clk 0:01:02]} 31. Bc1 {[%clk 0:10:40]} Ke8
{[%clk 0:00:40]} 32. Ne3 {[%clk 0:10:20]} Ne7 {[%clk 0:00:39]} 33. Nbd1
{[%clk 0:07:54]} Ng6 {[%clk 0:00:39]} 34. Ng2 {[%clk 0:06:31]} Nf4
{[%clk 0:00:32]} 35. Nxf4 {[%clk 0:05:22]} exf4 {[%clk 0:00:37]} 36. Bxf4
{[%clk 0:05:05]} f5 {[%clk 0:00:31]} 37. exf5 {[%clk 0:03:27]} Qd5+
{[%clk 0:00:54]} 38. Qe4 {[%clk 0:03:12]} Qxf5 {[%clk 0:00:47]} 39. Qxf5
{[%clk 0:03:03]} Bxf5 {[%clk 0:01:13]} 40. Re3+ {[%clk 0:01:59]} Kd7
{[%clk 0:01:02]} 41. Bxg5 {[%clk 0:01:32]} Be6 {[%clk 0:48:59]} 42. Rxe6
{[%clk 0:37:13]} Kxe6 {[%clk 0:48:13]} 43. Bf4 {[%clk 0:37:21]} Bf6
{[%clk 0:46:45]} 44. Re1+ {[%clk 0:35:05]} Kd7 {[%clk 0:46:21]} 45. Kg2
{[%clk 0:33:57]} Rh4 {[%clk 0:41:44]} 46. Bg3 {[%clk 0:33:48]} Rh5
{[%clk 0:41:27]} 47. Re3 {[%clk 0:25:36]} Nh6 {[%clk 0:36:48]} 48. Rf3
{[%clk 0:21:33]} Ke6 {[%clk 0:35:15]} 49. c4 {[%clk 0:16:35]} Nf5
{[%clk 0:31:23]} 50. Ne3 {[%clk 0:15:47]} Nd4 {[%clk 0:29:23]} 51. Rf2
{[%clk 0:14:19]} Rh8 {[%clk 0:26:56]} 52. Nd5 {[%clk 0:12:21]} Bg5
{[%clk 0:23:08]} 53. Nf4+ {[%clk 0:12:02]} Kd7 {[%clk 0:22:59]} 54. Ng6
{[%clk 0:11:44]} Rg8 {[%clk 0:22:25]} 55. Ne5+ {[%clk 0:10:42]} Ke6
{[%clk 0:22:16]} 56. Nf3 {[%clk 0:09:59]} Be3 {[%clk 0:20:54]} 57. Nxd4+
{[%clk 0:10:05]} cxd4 {[%clk 0:19:54]} 58. Rb2 {[%clk 0:10:22]} Rf8
{[%clk 0:17:17]} 59. b4 {[%clk 0:10:32]} Kd7 {[%clk 0:16:54]} 60. Rc2
{[%clk 0:10:06]} Bg5 {[%clk 0:16:04]} 61. c5 {[%clk 0:09:35]} Rc8
{[%clk 0:16:00]} 62. Kf3 {[%clk 0:09:11]} Be7 {[%clk 0:11:02]} 63. Ke4
{[%clk 0:09:13]} bxc5 {[%clk 0:11:11]} 64. bxc5 {[%clk 0:09:38]} Bxc5
{[%clk 0:10:34]} 65. Kd5 {[%clk 0:09:43]} Bb6 {[%clk 0:10:14]} 66. Rxc8
{[%clk 0:10:04]} Kxc8 {[%clk 0:10:40]} 67. Be5 {[%clk 0:10:21]} 1-0

[Event "Hastings Masters"]
[Site "Horntye, Hastings"]
[Date "2017.12.28"]
[Round "1.28"]
[White "Ruane, Brendan J"]
[Black "Willson, Ollie"]
[Result "0-1"]
[BlackElo "2057"]
[WhiteElo "1838"]
[EventDate "2017.12.28"]

1. Nc3 {[%clk 1:40:52]} d5 {[%clk 1:40:08]} 2. e4 {[%clk 1:41:14]} Nf6
{[%clk 1:38:53]} 3. exd5 {[%clk 1:41:29]} Nxd5 {[%clk 1:39:16]} 4. Bc4
{[%clk 1:41:25]} c6 {[%clk 1:33:03]} 5. d4 {[%clk 1:36:46]} Bf5 {[%clk 1:27:58]}
6. Nf3 {[%clk 1:35:48]} e6 {[%clk 1:26:42]} 7. O-O {[%clk 1:34:53]} Be7
{[%clk 1:22:05]} 8. Re1 {[%clk 1:24:58]} O-O {[%clk 1:20:03]} 9. h3
{[%clk 1:22:24]} Nd7 {[%clk 1:18:20]} 10. Ne4 {[%clk 1:17:49]} Bg6
{[%clk 1:10:26]} 11. a3 {[%clk 1:10:18]} Qc7 {[%clk 0:57:20]} 12. Bf1
{[%clk 1:02:41]} Rfd8 {[%clk 0:51:19]} 13. c4 N5f6 {[%clk 0:50:24]} 14. Nc3
{[%clk 0:45:42]} h6 {[%clk 0:29:40]} 15. Qe2 {[%clk 0:44:25]} Bf8
{[%clk 0:28:36]} 16. Ne5 {[%clk 0:38:59]} Nxe5 {[%clk 0:28:01]} 17. dxe5
{[%clk 0:39:19]} Nd7 {[%clk 0:28:26]} 18. b4 {[%clk 0:36:18]} a5 {[%clk 0:26:10]}
19. Bd2 {[%clk 0:26:32]} axb4 {[%clk 0:20:12]} 20. axb4 {[%clk 0:26:45]} Rxa1
{[%clk 0:20:14]} 21. Rxa1 {[%clk 0:27:12]} Qxe5 {[%clk 0:19:21]} 22. Qxe5
{[%clk 0:25:10]} Nxe5 {[%clk 0:19:46]} 23. Bf4 {[%clk 0:25:27]} Nd3
{[%clk 0:16:28]} 24. Rd1 {[%clk 0:22:45]} Bxb4 {[%clk 0:15:20]} 25. Na2
{[%clk 0:23:09]} Ba5 {[%clk 0:14:19]} 26. Bg3 {[%clk 0:22:45]} Nc5
{[%clk 0:13:26]} 27. Rxd8+ {[%clk 0:21:46]} Bxd8 {[%clk 0:13:51]} 28. Bd6
{[%clk 0:22:08]} Ne4 {[%clk 0:13:58]} 29. Ba3 {[%clk 0:21:58]} Bb6
{[%clk 0:14:19]} 0-1

[Event "Hastings Masters"]
[Site "Horntye, Hastings"]
[Date "2017.12.28"]
[Round "1.29"]
[White "August, Daniel"]
[Black "Rahulan, Thivyaa"]
[Result "1-0"]
[BlackElo "1825"]
[WhiteElo "2056"]
[EventDate "2017.12.28"]

1. d4 {[%clk 1:40:54]} e6 {[%clk 1:40:08]} 2. Bf4 f5 3. Nf3 {[%clk 1:40:45]} Nf6
{[%clk 1:39:55]} 4. e3 {[%clk 1:40:40]} Be7 {[%clk 1:39:22]} 5. Bd3
{[%clk 1:40:15]} O-O {[%clk 1:29:59]} 6. h3 {[%clk 1:38:55]} d5 {[%clk 1:29:59]}
7. O-O {[%clk 1:35:23]} Ne4 {[%clk 1:24:39]} 8. Ne5 {[%clk 1:33:43]} Nd7
{[%clk 1:21:55]} 9. c4 {[%clk 1:31:12]} c6 {[%clk 1:16:44]} 10. Nc3
{[%clk 1:27:19]} Qe8 {[%clk 1:10:08]} 11. f3 {[%clk 1:27:19]} Nxe5
{[%clk 1:10:08]} 12. Bxe5 {[%clk 1:27:19]} Nd6 13. b3 {[%clk 1:25:01]} Nf7
{[%clk 0:58:45]} 14. Bh2 {[%clk 1:22:18]} Bf6 {[%clk 0:50:34]} 15. Rc1
{[%clk 1:20:21]} Qe7 {[%clk 0:46:40]} 16. Re1 {[%clk 1:19:52]} Re8
{[%clk 0:44:33]} 17. Bf1 Bd7 18. e4 {[%clk 1:18:46]} fxe4 {[%clk 0:42:48]} 19.
fxe4 {[%clk 1:17:35]} Bg5 {[%clk 0:37:24]} 20. Rc2 {[%clk 1:16:45]} dxc4
{[%clk 0:32:11]} 21. Bxc4 {[%clk 1:15:56]} b5 {[%clk 0:22:11]} 22. Bd3
{[%clk 1:13:01]} Qf6 {[%clk 0:19:39]} 23. Bf1 {[%clk 1:08:40]} Qe7
{[%clk 0:15:53]} 24. e5 {[%clk 1:07:17]} Bh6 {[%clk 0:15:47]} 25. Ne4
{[%clk 1:04:04]} Rad8 {[%clk 0:15:05]} 26. Qg4 Kh8 {[%clk 0:11:15]} 27. Rd1
{[%clk 1:01:20]} Rf8 {[%clk 0:08:25]} 28. Bg3 Rc8 {[%clk 0:08:25]} 29. Bh4
{[%clk 1:00:10]} Qe8 {[%clk 0:08:14]} 30. Bd3 {[%clk 0:58:45]} Nxe5
{[%clk 0:06:45]} 31. dxe5 {[%clk 0:58:40]} Rf4 {[%clk 0:07:07]} 32. Qe2
{[%clk 0:58:18]} Rxh4 {[%clk 0:07:32]} 33. Nd6 {[%clk 0:58:34]} Qf8 34. Nxc8
{[%clk 0:57:14]} Qxc8 {[%clk 0:06:13]} 35. Rf1 {[%clk 0:57:11]} Rf4
{[%clk 0:06:22]} 36. Rxf4 {[%clk 0:57:33]} Bxf4 {[%clk 0:06:45]} 37. Qe4
{[%clk 0:57:54]} 1-0

[Event "Hastings Masters"]
[Site "Horntye, Hastings"]
[Date "2017.12.28"]
[Round "1.30"]
[White "Wilson, Matthew R"]
[Black "Berger, Konstantin"]
[Result "1/2-1/2"]
[BlackElo "2041"]
[WhiteElo "1782"]
[EventDate "2017.12.28"]

1. e4 {[%clk 1:40:57]} c5 {[%clk 1:40:16]} 2. Nc3 {[%clk 1:41:20]} a6
{[%clk 1:40:41]} 3. f4 {[%clk 1:40:49]} b5 {[%clk 1:40:17]} 4. Nf3
{[%clk 1:40:55]} Bb7 {[%clk 1:40:11]} 5. d3 {[%clk 1:39:08]} e6 {[%clk 1:40:28]}
6. Be2 {[%clk 1:38:52]} d5 {[%clk 1:19:50]} 7. O-O {[%clk 1:38:13]} b4
{[%clk 1:16:25]} 8. Na4 {[%clk 1:34:12]} dxe4 {[%clk 1:16:02]} 9. Ne5
{[%clk 1:28:17]} Nf6 {[%clk 1:14:03]} 10. Be3 {[%clk 1:22:40]} Nbd7
{[%clk 0:53:26]} 11. Nxd7 {[%clk 0:52:24]} Nxd7 {[%clk 0:53:48]} 12. b3
{[%clk 0:43:47]} Be7 {[%clk 0:50:51]} 13. dxe4 {[%clk 0:41:01]} Bxe4
{[%clk 0:49:54]} 14. Bf3 {[%clk 0:40:58]} Bxf3 {[%clk 0:47:03]} 15. Qxf3
{[%clk 0:41:17]} O-O {[%clk 0:46:53]} 16. Rad1 {[%clk 0:39:50]} Qc7
{[%clk 0:45:04]} 17. Rd3 {[%clk 0:32:15]} Nf6 {[%clk 0:19:10]} 18. f5 exf5
{[%clk 0:16:38]} 19. Qxf5 {[%clk 0:22:23]} c4 20. bxc4 {[%clk 0:19:57]} Qc6
{[%clk 0:16:11]} 21. Nb6 Rab8 {[%clk 0:14:19]} 22. Nd7 {[%clk 0:12:23]} Nxd7 23.
Qxd7 Qxd7 {[%clk 0:07:55]} 24. Rxd7 {[%clk 0:11:28]} Bf6 {[%clk 0:07:47]} 25. c5
{[%clk 0:08:16]} Rbc8 {[%clk 0:07:28]} 26. Rfd1 {[%clk 0:05:05]} Rfe8
{[%clk 0:06:22]} 27. Kf2 {[%clk 0:04:58]} Rc6 {[%clk 0:02:51]} 28. R1d6
{[%clk 0:04:46]} Rxd6 {[%clk 0:02:28]} 29. Rxd6 {[%clk 0:05:00]} Ra8
{[%clk 0:02:05]} 30. Rb6 {[%clk 0:04:02]} a5 {[%clk 0:02:34]} 31. c6
{[%clk 0:03:24]} Be5 {[%clk 0:02:15]} 32. Rb5 {[%clk 0:02:59]} f6
{[%clk 0:02:15]} 33. Kf3 {[%clk 0:01:34]} Rc8 {[%clk 0:02:29]} 34. Rc5
{[%clk 0:01:48]} Kf7 {[%clk 0:02:48]} 35. Bf4 {[%clk 0:01:41]} Bxf4
{[%clk 0:02:17]} 36. Kxf4 {[%clk 0:02:09]} Ke6 {[%clk 0:02:40]} 37. Ke4
{[%clk 0:01:24]} Kd6 {[%clk 0:02:25]} 38. Rxa5 {[%clk 0:01:01]} Rxc6
{[%clk 0:02:51]} 39. Kd3 {[%clk 0:01:24]} Rc3+ {[%clk 0:01:50]} 40. Kd2
{[%clk 0:01:53]} Rc5 {[%clk 0:00:37]} 41. Ra6+ Ke7 {[%clk 0:42:18]} 42. Rb6
{[%clk 0:45:03]} 1/2-1/2

[Event "Hastings Masters"]
[Site "Horntye, Hastings"]
[Date "2017.12.28"]
[Round "1.31"]
[White "Ahluwalia, Amardip"]
[Black "Howell, Oliver W"]
[Result "1-0"]
[BlackElo "1765"]
[WhiteElo "2004"]
[EventDate "2017.12.28"]

1. e4 {[%clk 1:40:54]} e6 {[%clk 1:40:51]} 2. d4 {[%clk 1:40:22]} d5
{[%clk 1:41:13]} 3. Nc3 {[%clk 1:40:20]} Bb4 {[%clk 1:41:31]} 4. exd5
{[%clk 1:40:02]} exd5 {[%clk 1:41:52]} 5. Bd3 {[%clk 1:39:39]} Nc6
{[%clk 1:41:32]} 6. Nge2 {[%clk 1:39:11]} Nge7 {[%clk 1:41:28]} 7. O-O
{[%clk 1:39:15]} Bf5 {[%clk 1:39:46]} 8. a3 {[%clk 1:39:39]} Ba5 {[%clk 1:35:10]}
9. Bg5 {[%clk 1:27:50]} f6 {[%clk 1:30:55]} 10. Be3 {[%clk 1:26:54]} Qd7
{[%clk 1:27:25]} 11. b4 {[%clk 1:14:10]} Bb6 {[%clk 1:27:09]} 12. Na4
{[%clk 1:10:32]} O-O {[%clk 1:16:35]} 13. Nc5 {[%clk 1:02:28]} Bxc5
{[%clk 1:15:20]} 14. dxc5 {[%clk 0:59:45]} Bxd3 {[%clk 1:12:57]} 15. Qxd3
{[%clk 0:58:24]} Ne5 {[%clk 1:10:01]} 16. Qb3 {[%clk 0:55:54]} Nf5
{[%clk 1:01:14]} 17. Rad1 {[%clk 0:52:39]} Nxe3 {[%clk 0:54:58]} 18. fxe3
{[%clk 0:50:37]} c6 {[%clk 0:43:49]} 19. e4 {[%clk 0:47:06]} Kh8 {[%clk 0:31:08]}
20. exd5 {[%clk 0:45:19]} cxd5 {[%clk 0:29:55]} 21. Rxd5 {[%clk 0:40:22]} Qb5
{[%clk 0:26:38]} 22. Nf4 {[%clk 0:39:01]} Rfd8 {[%clk 0:21:03]} 23. Rfd1
{[%clk 0:36:35]} Rxd5 {[%clk 0:17:33]} 24. Qxd5 {[%clk 0:36:45]} Re8
{[%clk 0:15:20]} 25. h3 {[%clk 0:26:23]} Nc4 {[%clk 0:10:56]} 26. Qf7
{[%clk 0:20:07]} Ne5 {[%clk 0:06:25]} 27. Qb3 {[%clk 0:20:30]} a5
{[%clk 0:05:19]} 28. c3 {[%clk 0:15:04]} a4 {[%clk 0:04:46]} 29. Qd5
{[%clk 0:13:08]} Qc4 {[%clk 0:03:38]} 30. Qxc4 {[%clk 0:10:24]} Nxc4
{[%clk 0:03:57]} 31. Rd7 {[%clk 0:10:50]} g5 {[%clk 0:00:54]} 32. Nd5
{[%clk 0:10:47]} Re1+ {[%clk 0:00:53]} 33. Kf2 {[%clk 0:10:44]} Rd1
{[%clk 0:00:59]} 34. Nxf6 {[%clk 0:10:36]} Rxd7 {[%clk 0:00:49]} 35. Nxd7
{[%clk 0:11:01]} Kg7 {[%clk 0:00:45]} 36. Nb6 {[%clk 0:11:24]} Nxa3
{[%clk 0:00:52]} 37. Nxa4 {[%clk 0:11:47]} Nc4 {[%clk 0:00:45]} 38. Nb6
{[%clk 0:11:59]} Ne5 {[%clk 0:00:48]} 39. Nc8 {[%clk 0:11:50]} Nc4
{[%clk 0:00:51]} 40. Nd6 {[%clk 0:12:07]} 1-0

[Event "Hastings Masters"]
[Site "Horntye, Hastings"]
[Date "2017.12.28"]
[Round "1.32"]
[White "Salmons, Calum"]
[Black "Munshi, Aditya"]
[Result "0-1"]
[BlackElo "2001"]
[WhiteElo "1756"]
[EventDate "2017.12.28"]

1. e4 {[%clk 1:40:57]} c6 {[%clk 1:40:51]} 2. Nc3 {[%clk 1:41:07]} d5
{[%clk 1:41:15]} 3. Nf3 {[%clk 1:41:31]} Nf6 {[%clk 1:41:31]} 4. exd5
{[%clk 1:39:12]} cxd5 {[%clk 1:41:07]} 5. Bb5+ {[%clk 1:37:56]} Bd7
{[%clk 1:39:33]} 6. Qe2 {[%clk 1:32:27]} Nc6 {[%clk 1:28:19]} 7. d3
{[%clk 1:24:19]} e6 {[%clk 1:08:48]} 8. Bf4 {[%clk 1:17:46]} d4 {[%clk 0:54:49]}
9. Ne4 {[%clk 1:07:40]} Qa5+ {[%clk 0:52:34]} 10. Nfd2 {[%clk 1:04:36]} Qxb5
{[%clk 0:50:15]} 11. Nxf6+ {[%clk 0:52:58]} gxf6 {[%clk 0:50:40]} 12. Ne4
{[%clk 0:52:18]} Be7 {[%clk 0:44:12]} 13. O-O {[%clk 0:39:16]} O-O-O
{[%clk 0:25:44]} 14. c4 {[%clk 0:35:11]} dxc3 {[%clk 0:23:06]} 15. bxc3
{[%clk 0:34:21]} Qf5 {[%clk 0:21:13]} 16. Bd6 {[%clk 0:33:37]} Be8
{[%clk 0:20:26]} 17. Bxe7 {[%clk 0:31:46]} Nxe7 {[%clk 0:20:53]} 18. Rab1
{[%clk 0:27:54]} Bc6 {[%clk 0:20:08]} 19. f3 {[%clk 0:27:39]} Rhg8
{[%clk 0:17:23]} 20. Qe3 {[%clk 0:24:48]} b6 {[%clk 0:07:38]} 21. c4
{[%clk 0:22:46]} Bxe4 {[%clk 0:04:04]} 22. dxe4 {[%clk 0:21:25]} Qc5
{[%clk 0:04:25]} 23. Qxc5+ {[%clk 0:21:46]} bxc5 {[%clk 0:04:51]} 24. Rb5
{[%clk 0:21:49]} Kc7 {[%clk 0:01:21]} 25. Rxc5+ {[%clk 0:19:57]} Nc6
{[%clk 0:01:19]} 26. g3 {[%clk 0:17:08]} Rg5 {[%clk 0:01:26]} 27. Rb5
{[%clk 0:16:07]} Rxb5 {[%clk 0:01:13]} 28. cxb5 {[%clk 0:16:29]} Nd4
{[%clk 0:01:02]} 29. a4 {[%clk 0:16:39]} Kb6 {[%clk 0:01:21]} 30. Kf2
{[%clk 0:16:25]} Ka5 {[%clk 0:00:47]} 31. Rc1 {[%clk 0:16:13]} Rd7
{[%clk 0:01:07]} 32. Rc4 {[%clk 0:16:12]} e5 {[%clk 0:00:34]} 33. Ke3
{[%clk 0:16:27]} Ne6 {[%clk 0:00:34]} 34. f4 {[%clk 0:16:28]} Rc7
{[%clk 0:00:40]} 35. Kd3 {[%clk 0:15:28]} Rxc4 36. Kxc4 {[%clk 0:16:27]} Kxa4
{[%clk 0:00:33]} 37. fxe5 {[%clk 0:15:55]} fxe5 {[%clk 0:00:56]} 38. Kd5
{[%clk 0:16:07]} Kxb5 {[%clk 0:01:06]} 39. Kxe5 {[%clk 0:16:31]} a5
{[%clk 0:01:10]} 40. Kf6 {[%clk 0:16:57]} a4 {[%clk 0:01:32]} 41. e5
{[%clk 0:17:23]} Nd8 0-1

[Event "Hastings Masters"]
[Site "Horntye, Hastings"]
[Date "2017.12.28"]
[Round "1.33"]
[White "Norinkeviciute, Rasa"]
[Black "Kearsley, Raymond J"]
[Result "1-0"]
[BlackElo "1720"]
[WhiteElo "1993"]
[EventDate "2017.12.28"]

1. c4 {[%clk 1:40:57]} c5 {[%clk 1:40:52]} 2. Nc3 {[%clk 1:41:18]} g6
{[%clk 1:41:13]} 3. g3 {[%clk 1:41:42]} Bg7 {[%clk 1:41:29]} 4. Bg2
{[%clk 1:42:08]} Nc6 {[%clk 1:41:47]} 5. a3 {[%clk 1:41:47]} Nf6 {[%clk 1:41:24]}
6. Rb1 {[%clk 1:42:03]} a5 {[%clk 1:38:42]} 7. e4 {[%clk 1:41:43]} O-O
{[%clk 1:37:01]} 8. Nf3 {[%clk 1:40:52]} d6 {[%clk 1:36:39]} 9. h3
{[%clk 1:40:58]} e6 {[%clk 1:34:44]} 10. O-O {[%clk 1:23:56]} d5 {[%clk 1:32:31]}
11. d3 {[%clk 1:22:50]} d4 {[%clk 1:29:35]} 12. Na2 {[%clk 1:21:22]} e5
{[%clk 1:24:38]} 13. Qc2 {[%clk 1:21:11]} Qe7 {[%clk 1:23:59]} 14. Bd2
{[%clk 1:21:10]} Bd7 {[%clk 1:18:06]} 15. b4 {[%clk 1:18:20]} Rfb8
{[%clk 1:16:36]} 16. Rb2 {[%clk 1:05:12]} axb4 {[%clk 1:07:11]} 17. axb4
{[%clk 1:05:34]} b6 {[%clk 1:04:47]} 18. Rfb1 {[%clk 1:05:14]} Qd6
{[%clk 1:02:01]} 19. Ne1 {[%clk 1:02:06]} Ne8 {[%clk 0:59:22]} 20. Kh2
{[%clk 0:52:27]} f6 {[%clk 0:56:19]} 21. Qd1 {[%clk 0:44:22]} Bf8
{[%clk 0:54:08]} 22. Nc2 {[%clk 0:42:43]} Qc7 {[%clk 0:48:54]} 23. b5
{[%clk 0:32:04]} Nd8 {[%clk 0:45:00]} 24. Nc1 {[%clk 0:32:02]} Ra7
{[%clk 0:40:59]} 25. Ne2 {[%clk 0:29:52]} Ng7 {[%clk 0:40:03]} 26. Ne1
{[%clk 0:27:03]} Nde6 {[%clk 0:38:05]} 27. Qc1 {[%clk 0:21:07]} Bd6
{[%clk 0:37:27]} 28. Bf1 {[%clk 0:21:07]} Rf8 {[%clk 0:36:18]} 29. Bg2
{[%clk 0:14:22]} f5 {[%clk 0:35:08]} 30. exf5 {[%clk 0:13:39]} Nxf5
{[%clk 0:32:58]} 31. Be4 {[%clk 0:11:24]} Neg7 {[%clk 0:27:28]} 32. Ng2
{[%clk 0:10:19]} Ne7 {[%clk 0:23:57]} 33. f4 {[%clk 0:04:46]} Bf5
{[%clk 0:21:05]} 34. Qe1 {[%clk 0:01:14]} Qd7 {[%clk 0:19:47]} 35. Ng1
{[%clk 0:01:29]} Kh8 {[%clk 0:15:21]} 36. Qe2 {[%clk 0:01:21]} Ng8
{[%clk 0:15:07]} 37. Bc6 {[%clk 0:00:44]} Qe7 {[%clk 0:14:36]} 38. Qf3
{[%clk 0:00:36]} Qf6 {[%clk 0:11:22]} 39. Be4 {[%clk 0:00:38]} Bxe4
{[%clk 0:11:12]} 40. Qxe4 {[%clk 0:01:03]} Re7 {[%clk 0:09:14]} 41. Qc6
{[%clk 0:47:34]} Bc7 {[%clk 0:54:08]} 42. Nf3 {[%clk 0:38:22]} Rfe8
{[%clk 0:47:34]} 43. fxe5 {[%clk 0:29:10]} Bxe5 {[%clk 0:47:18]} 44. Bg5
{[%clk 0:28:41]} Qxc6 {[%clk 0:46:03]} 45. bxc6 {[%clk 0:28:59]} Bf6
{[%clk 0:42:54]} 46. Rxb6 {[%clk 0:27:45]} Bxg5 {[%clk 0:40:54]} 47. Nxg5
{[%clk 0:28:09]} h6 {[%clk 0:38:52]} 48. Ne4 1-0

[Event "Hastings international Boards 34-39"]
[Site "Horntye, Hastings"]
[Date "2017.12.28"]
[Round "1.34"]
[White "Warnke, Klaus"]
[Black "Pickersgill, Adrian O"]
[Result "1/2-1/2"]
[BlackElo "1991"]
[WhiteElo "1716"]
[EventDate "2017.12.28"]

1. d4 d6 2. Nf3 Bg4 3. c4 Nd7 4. Nc3 e5 5. e3 Ngf6 6. Be2 Be7 7. O-O O-O 8. h3
Bh5 9. Nd2 Bxe2 10. Qxe2 c6 11. d5 a5 12. Qf3 Qc7 13. b3 Rae8 14. Nde4 Nxe4 15.
Qxe4 f5 16. Qc2 e4 17. dxc6 bxc6 18. Ne2 Ne5 19. Bb2 Nd3 20. Bc3 Bf6 21. Bxf6
Rxf6 22. Nc1 Nc5 23. a3 Rb8 24. Rb1 Ne6 25. Ne2 d5 26. Rfd1 Qd6 27. cxd5 cxd5 28.
Nd4 Nxd4 29. Rxd4 Rb5 30. b4 axb4 31. axb4 Qc6 1/2-1/2

[Event "Hastings international Boards 34-39"]
[Site "Horntye, Hastings"]
[Date "2017.12.28"]
[Round "1.35"]
[White "Forster, Matthew"]
[Black "Metcalfe, Charlie P"]
[Result "1-0"]
[BlackElo "1705"]
[WhiteElo "1979"]
[EventDate "2017.12.28"]

1. c4 {[%clk 1:40:56]} e5 {[%clk 1:40:57]} 2. g3 {[%clk 1:41:15]} Nf6
{[%clk 1:41:24]} 3. Bg2 {[%clk 1:41:42]} c6 {[%clk 1:41:49]} 4. d4
{[%clk 1:41:42]} e4 {[%clk 1:42:14]} 5. d5 {[%clk 1:40:37]} Bb4+ {[%clk 1:42:03]}
6. Bd2 {[%clk 1:40:26]} Qe7 {[%clk 1:42:11]} 7. Nc3 {[%clk 1:37:28]} O-O
{[%clk 1:28:58]} 8. e3 {[%clk 1:34:03]} Na6 {[%clk 1:21:59]} 9. Nge2
{[%clk 1:32:19]} cxd5 {[%clk 1:15:25]} 10. cxd5 {[%clk 1:26:34]} b6
{[%clk 1:11:30]} 11. O-O {[%clk 1:22:31]} Nc5 {[%clk 1:07:32]} 12. a3
{[%clk 1:20:07]} Bxc3 {[%clk 1:07:55]} 13. Bxc3 {[%clk 1:20:03]} d6
{[%clk 1:00:32]} 14. b4 {[%clk 1:18:06]} Nd3 {[%clk 1:00:01]} 15. Bxf6
{[%clk 1:16:56]} gxf6 {[%clk 1:00:23]} 16. Qb3 {[%clk 1:13:31]} f5
{[%clk 0:53:59]} 17. Nd4 {[%clk 1:10:04]} Ne5 {[%clk 0:52:07]} 18. Rac1
{[%clk 1:06:06]} Kg7 {[%clk 0:40:22]} 19. Rxc8 {[%clk 1:06:06]} Kg6
{[%clk 0:35:30]} 20. Rxa8 {[%clk 1:05:28]} Rxa8 {[%clk 0:35:54]} 21. Nc6
{[%clk 1:05:27]} Qd7 {[%clk 0:34:51]} 22. Nxe5+ {[%clk 1:04:30]} dxe5
{[%clk 0:35:20]} 23. Rc1 {[%clk 1:04:11]} Rc8 {[%clk 0:34:56]} 24. Rxc8
{[%clk 1:04:08]} Qxc8 {[%clk 0:35:25]} 25. Bf1 {[%clk 1:04:04]} Qc1
{[%clk 0:31:59]} 26. Qc4 {[%clk 1:04:06]} Qxa3 {[%clk 0:31:45]} 27. Qc6+
{[%clk 1:03:38]} Kg7 {[%clk 0:31:26]} 28. d6 {[%clk 1:03:50]} f4 29. Qxe4
{[%clk 1:02:59]} fxe3 {[%clk 0:30:51]} 30. Qxe5+ {[%clk 1:03:17]} Kg6
{[%clk 0:30:29]} 31. Qxe3 {[%clk 1:03:31]} Qxb4 {[%clk 0:29:14]} 32. d7
{[%clk 1:03:39]} Qf8 {[%clk 0:29:11]} 33. Qe8 {[%clk 1:04:05]} Qxe8
{[%clk 0:29:27]} 34. dxe8=Q {[%clk 1:04:10]} a5 {[%clk 0:29:53]} 35. Qe5
{[%clk 1:04:24]} f6 {[%clk 0:30:10]} 36. Qe7 {[%clk 1:04:36]} a4 {[%clk 0:30:30]}
37. Bd3+ {[%clk 1:04:57]} Kg5 {[%clk 0:30:55]} 38. Qg7+ 1-0